000 01017cam a2200265 4500
008 090401t1997 xxu||||| |||| 00| 0 eng d
020 _a1900858134
035 _a(Sirsi) u78799
041 _aeng
050 _a690.24
110 _aBuilding Maintenance Information
_93229
245 _aInformation guide for facilities management: a guide to information sources for building maintenance and facilties management 1997.
260 _aKingston upon Thames
_bBuilding Maintenance Information
_c1997
300 _a88p. ; 30cm.
350 _a0
520 _aThis item is part of a subscription service and cannot be photocopied. Neither can any part of it be read out over the phone. Please contact BMI direct on 0171-222-7000 for details.
650 _aASSOCIATIONS
650 _aBUILT ENVIRONMENT-BUILDING MAINTENANCE AND REFURBISHMENT
650 _aDIRECTORIES
650 _aFACILITIES MANAGEMENT
_96240
650 _aORGANISATIONS
690 _aBUILT ENVIRONMENT
942 _n0
948 _c09/06/1997
999 _c96484
_d96484